000 00753nam a2200229 i 4500
001 bgj
100 1 _aBURGESS, Sally
245 1 0 _aGoing for Gold :
_bintermediate plus : matura maximiser /
_cSally Burgess ; with Richard Acklam and Araminta Crace ; zadania maturalne: Hanna Mrozowska.
260 _aHarlow, Essex :
_bLongman,
_c2005.
300 _a134 pp :
_bill. ;
_c28 cm.
650 9 _aEnglish language
_xIntermediate
_xMatura
655 _aExercises, questions
700 1 _aACKLAM, Richard.
_eco-author
700 1 _aCRACE, Araminta.
_eco-author
700 1 _aMROZOWSKA, Hanna.
_eco-author
020 _a1405809000
040 _cBPK
041 0 _aeng
920 _a1-405-80900-0
942 _cKS
008 s uk f |000 0 eng
999 _c49009
_d49009
856 _uhttp://koha.tu.koszalin.pl/cgi-bin/koha/opac-detail.pl?biblionumber=49009
_yKatalog online BPK